Normal view
MARC view
- أغاني الأطفال-رياض الأطفال
Entry Topical Term
001 - CONTROL NUMBER
- control field: 8367
003 - CONTROL NUMBER IDENTIFIER
- control field: JO-AjAnu
005 - DATE AND TIME OF LATEST TRANSACTION
- control field: 20230606071642.0
008 - FIXED-LENGTH DATA ELEMENTS
- fixed length control field: 230606|| aca||aabn | a|a d
040 ## - CATALOGING SOURCE
- Original cataloging agency: JO-AjAnu
- Transcribing agency: JO-AjAnu
150 ## - HEADING--TOPICAL TERM
- Topical term or geographic name entry element: أغاني الأطفال-رياض الأطفال
670 ## - SOURCE DATA FOUND
- Source citation: Work cat.: (JO-AjAnu)4319: محمد، عواطف إبراهيم تأليف/دويدار، ساري ملحن م.ملحن, author 8366, أغاني أطفال دور الحضانة